000 00392nam a2200145 i 4500
001 bg
100 1 _aBZYMEK, Zbigniew
245 0 _aZastosowanie maszyn cyfrowych do analizy statycznej konstrukcji inżynierskich /
_cZ. Bzymek.
260 _aWarszawa,
_c1966.
040 _cBPK
041 _apol
080 _a624.04:681.322.004
942 _cKS
008 s pl f |000 0 pol
999 _c22534
_d22534
856 _uhttp://koha.tu.koszalin.pl/cgi-bin/koha/opac-detail.pl?biblionumber=22534
_yKatalog online BPK